Divyalok the light divine / (Record no. 164172)

MARC details
000 -LEADER
fixed length control field 00439nam a22001577a 4500
005 - DATE AND TIME OF LATEST TRANSACTION
control field 20190513150653.0
010 ## - LCCN (DPL NO)
LC control number B-088694
035 ## - SYSTEM CONTROL NUMBER
System control number B-088694
037 ## - SOURCE OF ACQUISITION
Source of stock number/acquisition Hindi Sahitya Niketan.
082 ## - DEWEY DECIMAL CLASSIFICATION NUMBER
Classification number 881
100 ## - MAIN ENTRY--PERSONAL NAME
Personal name Agrawal, Acharya Om Prakash
245 ## - TITLE STATEMENT
Title Divyalok the light divine /
Statement of responsibility, etc Acharya Om Prakash Agrawal.
260 ## - PUBLICATION, DISTRIBUTION, ETC. (IMPRINT)
Name of publisher, distributor, etc Hindi Sahitya Niketan.
300 ## - PHYSICAL DESCRIPTION
Extent 128p
Dimensions 22cm (hbk)
942 ## - ADDED ENTRY ELEMENTS (KOHA)
Source of classification or shelving scheme Dewey Decimal Classification
Item type English Books
Classification part 881
Call number suffix AGA
Holdings
Withdrawn status Lost status Not for loan Collection code Home library Current library Date acquired Full call number Barcode Koha item type
      Non-fiction Sarojini Nagar Sarojini Nagar 13/05/2019 881 AGA B-088694 English Books

© Delhi Public Library
Hit Counter
free hit counter